Wszystkie miasta w Mołdawii na mapie - Statystyki

Ogólne statystyki
  • Ten quiz został rozwiązany 13 razy
    8 od ostatniego zresetowania
  • Średni wynik to 5 z 65
Odpowiedzi na mapie
Odpowiedzi zakodowano w zielono-czerwonej skali na mapie do tego quizu, zgodnie z poniższymi procentami.
 
Statystyki odpowiedzi
Populacja Miasto % Poprawnych
567 038 Kiszyniów
88%
90 954 Bielce
75%
130 000 Tyraspol
75%
87 000 Bendery
50%
11 200 Edineț
50%
25 060 Dubosary
25%
11 391 Hîncești
25%
21 326 Kaguł
25%
22 183 Orgiejów
25%
47 949 Rybnica
25%
21 135 Soroki
25%
12 939 Drochia
13%
19 120 Komrat
13%
4 695 Telenești
13%
26 457 Ungheni
13%
6 610 Anenii Noi
0%
6 291 Basarabeasca
0%
2 203 Biruința
0%
5 785 Briceni
0%
970 Bucovăț
0%
1 993 Căinari
0%
9 413 Călărași
0%
2 655 Cantemir
0%
13 458 Căușeni
0%
14 285 Ceadîr-Lunga
0%
7 918 Cimișlia
0%
18 310 Codru
0%
1 390 Cornești
0%
1 950 Costești
0%
2 610 Crasnoe
0%
9 536 Cricova
0%
5 044 Criuleni
0%
5 500 Cupcini
0%
10 436 Dnestrovsc
0%
5 987 Dondușeni
0%
26 308 Durlești
0%
11 328 Fălești
0%
10 925 Florești
0%
581 Frunză
0%
1 251 Ghindești
0%
7 075 Glodeni
0%
9 381 Grigoriopol
0%
14 665 Ialoveni
0%
2 498 Iargara
0%
8 871 Kamionka
0%
6 394 Leova
0%
3 569 Lipcani
0%
1 060 Maiac
0%
1 049 Mărculești
0%
9 140 Nisporeni
0%
5 187 Ocnița
0%
3 598 Otaci
0%
7 586 Rezina
0%
7 700 Rîșcani
0%
6 950 Sîngera
0%
9 550 Sîngerei
0%
14 618 Slobozia
0%
4 797 Șoldănești
0%
5 436 Ștefan Vodă
0%
13 750 Strășeni
0%
10 021 Taraclia
0%
3 503 Tvardița
0%
5 200 Vadul lui Vodă
0%
3 391 Vatra
0%
10 754 Vulcănești
0%
Nie znaleziono quizów pasujących do podanych kryteriów
Rozkład punktacji
Procent ludzi z każdym wynikiem
Percentyl według liczby udzielonych odpowiedzi
Twoja historia wyników
Nie rozwiązałeś tego quizu od ostatniego zresetowania